LIBRARY ONLINE CATALOGUE

The gospel according to Eve : (Record no. 21688)

MARC details
000 -LEADER
fixed length control field 02383cam a2200445 i 4500
001 - CONTROL NUMBER
control field 21092930
003 - CONTROL NUMBER IDENTIFIER
control field OSt
005 - DATE AND TIME OF LATEST TRANSACTION
control field 20260616153011.0
006 - FIXED-LENGTH DATA ELEMENTS--ADDITIONAL MATERIAL CHARACTERISTICS
fixed length control field m |o d |
007 - PHYSICAL DESCRIPTION FIXED FIELD--GENERAL INFORMATION
fixed length control field cr |||||||||||
008 - FIXED-LENGTH DATA ELEMENTS--GENERAL INFORMATION
fixed length control field 190711s2019 ilu ob 001 0 eng
010 ## - LIBRARY OF CONGRESS CONTROL NUMBER
LC control number 2019028024
020 ## - INTERNATIONAL STANDARD BOOK NUMBER
International Standard Book Number 9780830873654
Qualifying information (ebook)
020 ## - INTERNATIONAL STANDARD BOOK NUMBER
Canceled/invalid ISBN 9780830852277
Qualifying information (paperback)
035 ## - SYSTEM CONTROL NUMBER
System control number 21092930
040 ## - CATALOGING SOURCE
Original cataloging agency DLC
Language of cataloging eng
Transcribing agency DLC
Description conventions rda
Modifying agency DLC
042 ## - AUTHENTICATION CODE
Authentication code pcc
050 00 - LIBRARY OF CONGRESS CALL NUMBER
Classification number BS1235.52
082 00 - DEWEY DECIMAL CLASSIFICATION NUMBER
Classification number 222/.1106082
Edition number 23
100 1# - MAIN ENTRY--PERSONAL NAME
Personal name Benckhuysen, Amanda Joyce,
Relator term author.
245 14 - TITLE STATEMENT
Title The gospel according to Eve :
Remainder of title a history of women's interpretation /
Statement of responsibility, etc. Amanda W. Benckhuysen.
264 #1 - PRODUCTION, PUBLICATION, DISTRIBUTION, MANUFACTURE, AND COPYRIGHT NOTICE
Place of production, publication, distribution, manufacture Downers Grove, Illinois :
Name of producer, publisher, distributor, manufacturer IVP Academic, an imprint of InterVarsity Press,
Date of production, publication, distribution, manufacture, or copyright notice [2019]
300 ## - PHYSICAL DESCRIPTION
Extent 1 online resource
336 ## - CONTENT TYPE
Content type term text
Content type code txt
Source rdacontent
337 ## - MEDIA TYPE
Media type term computer
Media type code c
Source rdamedia
338 ## - CARRIER TYPE
Carrier type term online resource
Carrier type code cr
Source rdacarrier
504 ## - BIBLIOGRAPHY, ETC. NOTE
Bibliography, etc Includes bibliographical references and indexes.
505 0# - FORMATTED CONTENTS NOTE
Formatted contents note Interpreting Eve -- Defending women's worth -- Promoting women's education -- Supporting women as wives and mothers -- Empowering women to preach and teach -- Forming the character of children -- Advocating for social reform -- Influencing gender ideology -- The legacy of Eve.
520 ## - SUMMARY, ETC.
Summary, etc. "Do women and men have different intellectual, spiritual, moral, or emotional capacities? Over the centuries, women have read and interpreted the story of Eve, scrutinizing the details of the text to discern God's word for them. Biblical scholar Amanda Benckhuysen traces the history of women's interpretation of Genesis 1-3, allowing the voices of women to speak of Eve's story and its implications for life today"--
Assigning source Provided by publisher.
583 ## - ACTION NOTE
Action Cataloguing:
Time/date of action 20260616
Action agent gtanuigtanui
588 ## - SOURCE OF DESCRIPTION NOTE
Source of description note Description based on print version record.
600 00 - SUBJECT ADDED ENTRY--PERSONAL NAME
Personal name Eve
Titles and other words associated with a name (Biblical figure)
630 00 - SUBJECT ADDED ENTRY--UNIFORM TITLE
Uniform title Bible.
Name of part/section of a work Genesis, I-III
General subdivision Feminist criticism.
630 00 - SUBJECT ADDED ENTRY--UNIFORM TITLE
Uniform title Bible.
Name of part/section of a work Genesis, I-III
General subdivision Criticism, interpretation, etc.
650 #0 - SUBJECT ADDED ENTRY--TOPICAL TERM
Topical term or geographic name as entry element Women
General subdivision Religious aspects
-- Christianity.
776 08 - ADDITIONAL PHYSICAL FORM ENTRY
Relationship information Print version:
Main entry heading Benckhuysen, Amanda Joyce.
Title The gospel according to Eve
Place, publisher, and date of publication Downers Grove, Illinois : IVP Academic, an imprint of InterVarsity Press, [2019]
International Standard Book Number 9780830852277
Record control number (DLC) 2019028023
906 ## - LOCAL DATA ELEMENT F, LDF (RLIN)
a 7
b cbc
c orignew
d 1
e ecip
f 20
g y-gencatlg
942 ## - ADDED ENTRY ELEMENTS (KOHA)
Source of classification or shelving scheme Library of Congress Classification
Koha item type General Collection
Holdings
Withdrawn status Lost status Source of classification or shelving scheme Not for loan Home library Current library Shelving location Date acquired Source of acquisition Inventory number Total Checkouts Full call number Barcode Date last seen Copy number Price effective from Koha item type
    Library of Congress Classification   Kabarak, Main Campus Kabarak, Main Campus General Stacks 16/06/2026 Donation 2026/3911   BS1235.52 .B36 2019 C.1 37978 16/06/2026 C.1 16/06/2026 General Collection